000 00611nam a2200241Ia 4500
003 OSt
005 20220926042120.0
006 a|||||r|||| 00| 0
007 ta
008 220923b |||||||| |||| 00| 0 eng d
037 _cGeneral Book
040 _aRTL
_cRTL
_beng
041 _2eng
_aeng
082 _aU, J7
100 _aFinch Vernor C
_994153
245 0 _aElements of geography physical and cultural
250 _a4th
260 _c1957
490 _aMcGraw Hill series in geography
650 _aGeography
942 _hU, J7
_cGB
_2CC
999 _c668898
_d668898